|
|
|
|
| LEADER |
00678nab a2200205 i 4500 |
| 001 |
misc55721 |
| 005 |
20221004134457.0 |
| 008 |
200506s1930 hu o 0|| zxx d |
| 022 |
|
|
|a 0200-9285
|
| 040 |
|
|
|a SZTE Miscellanea Repozitórium
|b hun
|
| 041 |
|
|
|a zxx
|
| 100 |
1 |
|
|a Alföldi András
|
| 245 |
1 |
2 |
|a A gót mozgalom és Dácia feladása
|h [elektronikus dokumentum] /
|c Alföldi András
|
| 260 |
|
|
|c 1930
|
| 300 |
|
|
|a 70
|
| 490 |
0 |
|
|a Egyetemes philologiai közlöny
|v 1929
|
| 561 |
|
|
|a Németh Gyula hagyaték
|
| 650 |
|
4 |
|a Bölcsészettudományok
|
| 650 |
|
4 |
|a Történettudomány és régészet
|
| 856 |
4 |
0 |
|u http://misc.bibl.u-szeged.hu/55721/1/084_nov_a37.pdf
|z Dokumentum-elérés
|